书目信息 |
| 题名: |
保健汤菜大全
|
|
| 作者: | 董淑炎 编著 | |
| 分册: | ||
| 出版信息: | 北京 中国旅游出版社 1988.12 |
|
| 页数: | 381页 | |
| 开本: | 32开 | |
| 丛书名: | ||
| 单 册: | ||
| 中图分类: | TS972.122 | |
| 科图分类: | ||
| 主题词: | 饮食业--供应技术 | |
| 电子资源: | ||
| ISBN: | 7-5032-1573-9 | |
| 000 | 00567nam0 2200193 45 | |
| 001 | 0008041788 | |
| 005 | 20000804174101.0 | |
| 010 | @a7-5032-1573-9@d16.00元 | |
| 100 | @a20000804d1988 km y0chiy0120 ea | |
| 101 | 0 | @achi |
| 105 | @a z 000yy | |
| 200 | 1 | @a保健汤菜大全@ABao Jian Tang Cai Da Quan@f董淑炎等编著@FDong Shu Yan Deng Bian Zhu |
| 210 | @a北京@c中国旅游出版社@d1988.12 | |
| 215 | @a381页@d32开 | |
| 606 | 0 | @a饮食业@x供应技术 |
| 690 | @aTS972.122@v3 | |
| 701 | 0 | @a董淑炎@4编著 |
| 801 | @aCN@bPftUser@c20000804 | |
| 905 | @b85855-857@dTS972.122@eD925@f3 | |
| 保健汤菜大全/董淑炎等编著.-北京:中国旅游出版社,1988.12 |
| 381页;32开 |
| ISBN 7-5032-1573-9:16.00元 |
| ● |
| 相关链接 |
|
|
|
正题名:保健汤菜大全
索取号:TS972.122/D925
 
预约/预借
| 序号 | 登录号 | 条形码 | 馆藏地/架位号 | 状态 | 备注 |
| 1 | 85855 | 200858553 | 自科库501/501自科库 45排3列4层/ [索取号:TS972.122/D925] | 在馆 | |
| 2 | 85856 | 200858562 | 自科库501/501自科库 45排3列4层/ [索取号:TS972.122/D925] | 在馆 | |
| 3 | 85857 | 200858571 | 自科库501/ [索取号:TS972.122/D925] | 在馆 |